LEADER 01314nam a2200265 4500 001 000000357750 003 CaOOAMICUS 005 20240719120456.0 008 240325s2024 it a 000 u ita r 040 $aSeMil$bita 245 00$aGiovanni Bellini :$bil Compianto dai Musei Vaticani : quattro artisti contemporanei in dialogo con un capolavoro /$ca cura di Fabrizio Biferali, Giuseppe Frangi, Nadia Righi. 264 1$aMilano :$bDario Cimorelli,$c2024. 300 $a69 p. :$bill. ;$c24 cm 541 0 $aOmaggio mons. Mario Delpini (5E VI 56) 650 4$aBellini, Giovanni . Compianto sul Cristo morto.$0(OLS)http://semarc/subject/55743 700 1 $aRighi, Nadia.$0(OLS)http://semarc/name/43941 700 1 $aBiferali, Fabrizio.$0(OLS)http://semarc/name/116855 700 1 $aFrangi, Giuseppe.$0(OLS)http://semarc/name/26669 850 $aSeMil 852 $aSeMil$W1$xVenegono$y1$m5E VI 56$j249490$B248922$CSeMilBibl$Z2$F248922 $81 941 1 $a7 961 $aOmaggio mons. Mario Delpini 996 $6245$aGiovanni Bellini :$bil Compianto dai Musei Vaticani : quattro artisti contemporanei in dialogo con un capolavoro$9(OLS)http://semarc/title/448033 996 $6264$aMilano :$bDario Cimorelli$9(OLS)http://semarc/publisher/60865 LEADER 01363nam a2200301 i 4500 001 000000126085 003 CaOOAMICUS 005 20040524000000.0 008 040524s2004 it u000 u ita u 013 $a98787 020 $a88-7078-890-3 040 $aSeMil$bita 100 1 $aDerrida, Jacques,$d<1930-2004>.$0(OLS)http://semarc/name/3649 240 13$aLe monolinguisme de l'autre.$0(OLS)http://semarc/title/185778 245 13$aIl monolinguismo dell'altro :$bo la protesi d'origine /$cJacques Derrida ; edizione italiana a cura di Graziella Berto. 260 $aMilano :$bRaffaello Cortina,$c2004. 300 $a97 p. ;$c23 cm. 490 0 $aOpere scelte di Jacques Derrida 650 4$aAlterità.$0(OLS)http://semarc/subject/1116 650 4$aTraduzione - Concetto.$0(OLS)http://semarc/subject/45760 700 1 $aBerto, Graziella.$0(OLS)http://semarc/name/47148 830 0$aOpere scelte di Jacques Derrida.$0(OLS)http://semarc/title/11364 850 $aSeMil 852 $aSeMil$W1$xVenegono$y1$m173 3 3 *$j80480$B80480$CSeMilBibl$Z2$F83198 $81 961 $aAcquisto: Àncora (Libreria) 996 $6020$a88-7078-890-3$9(OLS)http://semarc/number/112157 996 $6245$aIl monolinguismo dell'altro :$bo la protesi d'origine$9(OLS)http://semarc/title/185777 996 $6260$aMilano :$bRaffaello Cortina$9(OLS)http://semarc/publisher/31196